000 00555nab a2200145Ia 4500
003 ES-SlBCS
005 20210601125258.0
008 140529s1994 xxu||||| |||| 00| 0 eng d
041 _aeng
100 1 _aBurke, Michael B.
_9133131
245 0 0 _aPreserving the Principle of One Object to a Place: A Novel Account of the Relations Among Objects, Sorts, Sortals, and Persistence Conditions
_c Michael B. Burke
650 0 4 _aObjeto Material
_9156275
773 0 _tPhilosophy and Phenomenological Research
_gvol. 54, 1994, págs. 591-624
_wRev1411
942 _cAR
999 _c527740
_d527740